[Event "British-ch 5-day op AM Week 1"]
[Site "Torquay"]
[Date "2013.07.29"]
[Round "1"]
[White "Woods, David"]
[Black "Schmerwitz, Reinhard"]
[Result "1-0"]
[WhiteElo "1410"]
[BlackElo "1864"]
[PlyCount "58"]
[EventDate "2013.07.29"]
[EventType "swiss"]
[EventRounds "5"]
[EventCountry "ENG"]
[SourceTitle "EXT 2023"]
[Source "ChessBase"]
[SourceDate "2022.10.05"]
[SourceVersion "1"]
[SourceVersionDate "2022.10.05"]
[SourceQuality "1"]

1. e4 c5 2. Nc3 e6 3. Nf3 Nc6 4. Bc4 d6 5. 0-0 Nf6 6. d3 Be7 7. h3 0-0 8. Re1 a6 9. Bg5 b5 10. Bb3 Bb7 11. e5 dxe5 12. Nxe5 Nd4 13. a4 Nxb3 14. cxb3 b4 15. Ne4 Rc8 16. Nxf6+ Bxf6 17. Bxf6 Qxf6 18. Nd7 Qg6 19. g3 Rfd8 20. Ne5 Qf6 21. Rc1 Rd5 22. f4 Qf5 23. Kh2 f6 24. Nc4 Rxd3 25. Qc2 Bd5 26. Nd6 Qg6 27. g4 Rd8 28. f5 Rxh3+ 29. Kxh3 Rxd6 1-0